William Shakespear Sonnets : (Record no. 28316)

MARC details
000 -LEADER
fixed length control field 00606nam a2200157Ia 4500
008 - FIXED-LENGTH DATA ELEMENTS--GENERAL INFORMATION
fixed length control field 081213s9999 xx 000 0 und d
050 ## - LIBRARY OF CONGRESS CALL NUMBER
Classification number PN6110.S6
Item number W55
245 ## - TITLE STATEMENT
Title William Shakespear Sonnets :
Remainder of title a selection
Statement of responsibility, etc illustrated by Mary Jane Gorton
260 ## - PUBLICATION, DISTRIBUTION, ETC. (IMPRINT)
Place of publication, distribution, etc new York
Name of publisher, distributor, etc Peter Pauper Press
300 ## - PHYSICAL DESCRIPTION
Extent 60 p.
Dimensions 18 cm.
650 ## - SUBJECT ADDED ENTRY--TOPICAL TERM
Topical term or geographic name as entry element Shakespear, William, -- 1564 - 1616 -- Sonnets
650 ## - SUBJECT ADDED ENTRY--TOPICAL TERM
Topical term or geographic name as entry element Sonnets
700 ## - ADDED ENTRY--PERSONAL NAME
Personal name Gorton, Mary Jane.
942 ## - ADDED ENTRY ELEMENTS (KOHA)
Item type Book
Source of classification or shelving scheme Library of Congress Classification
Holdings
Withdrawn status Lost status Source of classification or shelving scheme Damaged status Not for loan Collection code Home library Current library Shelving location Date acquired Total Checkouts Full call number Barcode Date last borrowed Price effective from Koha item type
    Library of Congress Classification     Fiction Bishop Okullu Memorial Library (Limuru Campus) Bishop Okullu Memorial Library (Limuru Campus) General Circulation 20/04/2010 2 PN6110.S6 W55 018550 25/02/2020 20/04/2010 Book